[Event "XXXIV Festival A"]
[Site "Arco ITA"]
[Date "2012.10.17"]
[Round "5"]
[White "Machlik, Jon"]
[Black "Pomini, Aurelien"]
[WhiteElo "1732"]
[BlackElo "2012"]
[Result "0-1"]
[PlyCount "84"]
[EventDate "2012.10.13"]

1. e4 e5 2. Nf3 Nf6 3. Nxe5 d6 4. Nf3 Nxe4 5. Nc3 Nxc3 6. dxc3 Be7 7. Bf4 Nc6
8. Bd3 Be6 9. Qd2 Qd7 10. Ng5 Bxg5 11. Bxg5 h6 12. Bf4 O-O-O 13. O-O-O Kb8 14.
Kb1 g5 15. Be3 f5 16. f4 Rhg8 17. g3 g4 18. Bb5 Rde8 19. Qf2 a6 20. Ba4 Rg7 21.
Rhe1 Rge7 22. Rd2 Bf7 23. Rde2 Bd5 24. Bd4 Be4 25. Re3 Re6 26. Bb3 d5 27. Qd2
Qe7 28. Kc1 Ka8 29. c4 dxc4 30. Bxc4 Rd6 31. c3 Red8 32. Bd3 Nxd4 33. cxd4 Rxd4
34. Qc3 Qf7 35. Rd1 Bf3 36. Rd2 Qxa2 37. Qxc7 Qa1+ 38. Kc2 R4d6 39. Re6 R6d7
40. Qc3 Be4 41. Rd1 Bxd3+ 42. Qxd3 Qxd1+ 0-1

[Event "XXXIV Festival A"]
[Site "Arco ITA"]
[Date "2012.10.17"]
[Round "5"]
[White "Martinez, Guido"]
[Black "Galas, Franco"]
[WhiteElo "1843"]
[BlackElo "1735"]
[Result "1/2-1/2"]
[PlyCount "57"]
[EventDate "2012.10.13"]

1. d4 f5 2. Nf3 Nf6 3. e3 g6 4. c4 Bg7 5. Nc3 d6 6. Qb3 b6 7. Be2 O-O 8. Bd2 c5
9. d5 Re8 10. Rd1 h6 11. Qc2 Nbd7 12. e4 Nf8 13. e5 dxe5 14. Nxe5 Bb7 15. Bc1
N6d7 16. Nc6 Qc8 17. Bf3 Bxc6 18. dxc6 Ne5 19. Be2 Nxc6 20. O-O Nd4 21. Qd2
Nxe2+ 22. Nxe2 Rd8 23. Qe3 Rxd1 24. Rxd1 e5 25. Nc3 Qb7 26. Nd5 Ne6 27. Qh3 h5
28. Qh4 Qf7 29. Qg3 1/2-1/2

[Event "XXXIV Festival A"]
[Site "Arco ITA"]
[Date "2012.10.17"]
[Round "5"]
[White "Mombelli, Antonio"]
[Black "Espinosa Cancino, Cristina"]
[WhiteElo "1799"]
[BlackElo "1479"]
[Result "1/2-1/2"]
[PlyCount "82"]
[EventDate "2012.10.13"]

1. e4 e5 2. Nf3 Nc6 3. d4 exd4 4. Nxd4 Bc5 5. Be3 Bb6 6. Nf5 Qf6 7. Nc3 Nge7 8.
Bxb6 axb6 9. Nxe7 Nxe7 10. Be2 O-O 11. O-O Rd8 12. Bf3 d6 13. Qc1 Be6 14. a3 d5
15. exd5 Nxd5 16. Ne4 Qg6 17. c3 c6 18. Qg5 Bf5 19. Qxg6 Bxg6 20. g3 Rd7 21.
Rad1 Rad8 22. Rfe1 h6 23. Nd2 Nxc3 24. bxc3 Rxd2 25. Rxd2 Rxd2 26. Re8+ Kh7 27.
Re7 Rd3 28. Kg2 Rxc3 29. Rxb7 b5 30. Rb6 c5 31. Rxb5 Bd3 32. Ra5 c4 33. Bd5 f6
34. Ra4 Rc1 35. Rb4 h5 36. h4 c3 37. Be4+ Bxe4+ 38. Rxe4 c2 39. Rc4 Kg6 40. a4
Ra1 41. Rxc2 Rxa4 1/2-1/2

[Event "XXXIV Festival A"]
[Site "Arco ITA"]
[Date "2012.10.17"]
[Round "5"]
[White "Moratto, Davide"]
[Black "Oltramari, Silvano"]
[WhiteElo "1854"]
[BlackElo "1742"]
[Result "1-0"]
[PlyCount "91"]
[EventDate "2012.10.13"]

1. Nf3 Nc6 2. c4 Nf6 3. Nc3 e5 4. d4 exd4 5. Nxd4 Nxd4 6. Qxd4 Be7 7. g3 O-O 8.
Bg2 c6 9. O-O d6 10. Rd1 Qa5 11. Bf4 Be6 12. e4 Rad8 13. a3 c5 14. Qd3 Nh5 15.
Bd2 Qb6 16. Nd5 Bxd5 17. exd5 Nf6 18. Bh3 Nd7 19. Rab1 Bf6 20. b4 Ne5 21. Qe4
cxb4 22. Rxb4 Qc7 23. Rdb1 b6 24. Bc3 Rfe8 25. Qf5 b5 26. Bf1 bxc4 27. Bd4 Nf3+
28. Qxf3 Bxd4 29. Rb7 Qc5 30. R1b4 Bf6 31. Rxc4 Qa5 32. Rcc7 Rb8 33. Rxa7 Qe1
34. Rxf7 Rf8 35. Rxf8+ Rxf8 36. Qe3 Qa1 37. Qe6+ Kh8 38. Qxd6 Rd8 39. Qc6 h6
40. Ra8 Kh7 41. Rxd8 Bxd8 42. Qd7 Bf6 43. Qf5+ Kg8 44. Qe6+ Kf8 45. d6 Qxa3 46.
Bc4 1-0

[Event "XXXIV Festival A"]
[Site "Arco ITA"]
[Date "2012.10.17"]
[Round "5"]
[White "Mulone, Gaspare"]
[Black "Catalfamo, Santo"]
[WhiteElo "1590"]
[BlackElo "1762"]
[Result "0-1"]
[PlyCount "82"]
[EventDate "2012.10.13"]

1. e4 e6 2. d4 d5 3. e5 Nd7 4. Nf3 c5 5. c3 Ne7 6. Bd3 Ng6 7. O-O Be7 8. Be3 c4
9. Bc2 f5 10. exf6 Nxf6 11. Bxg6+ hxg6 12. Ne5 Qc7 13. f4 Bd7 14. Nxg6 Rh6 15.
Nxe7 Kxe7 16. Nd2 Rah8 17. Nf3 Ng4 18. Re1 Nxe3 19. Rxe3 Qxf4 20. Qe1 g5 21. g3
Qf5 22. Qe2 Rf6 23. Rf1 g4 24. Nh4 Qxf1+ 25. Qxf1 Rxf1+ 26. Kxf1 Kf6 27. Re5
Ba4 28. Kg1 Bc2 29. Ng2 Bb1 30. a3 a5 31. Ne3 Rg8 32. Kg2 Be4+ 33. Kg1 b5 34.
Ng2 b4 35. Nh4 bxa3 36. bxa3 Rb8 37. Rh5 Rb3 38. Rh6+ Kf7 39. Rh8 Rxc3 40. Ra8
Rxa3 41. Ra7+ Kf6 0-1

[Event "XXXIV Festival A"]
[Site "Arco ITA"]
[Date "2012.10.17"]
[Round "5"]
[White "Mumelter, Igor"]
[Black "Aigner, Georg"]
[WhiteElo "1837"]
[BlackElo "1989"]
[Result "1-0"]
[PlyCount "103"]
[EventDate "2012.10.13"]

1. e4 e5 2. Nf3 Nc6 3. d4 exd4 4. Nxd4 Bc5 5. Nxc6 Qf6 6. Qd2 dxc6 7. Nc3 Bg4
8. Bd3 O-O-O 9. Qf4 h5 10. f3 Be6 11. Qxf6 gxf6 12. Bd2 Ne7 13. O-O-O h4 14. g4
Ng6 15. h3 Ne5 16. Be2 Nc4 17. Bf4 Bd6 18. Bxd6 cxd6 19. f4 Nb6 20. Bf3 Kc7 21.
b3 Rhe8 22. Rd2 Nc8 23. Rhd1 Ne7 24. Rg1 Bc8 25. f5 Rg8 26. Rgd1 b6 27. Ne2 Bb7
28. Nf4 Nc8 29. Nh5 Rge8 30. Nxf6 Re5 31. g5 Rf8 32. Ng4 Ree8 33. Nf6 Re7 34.
Ng4 Rg8 35. g6 fxg6 36. f6 Re6 37. e5 Rf8 38. Be4 d5 39. Bxg6 b5 40. Bf5 Ree8
41. e6 Nd6 42. e7 Rh8 43. Bg6 Bc8 44. Bxe8 Rxe8 45. Nf2 Be6 46. Rd4 Nf5 47. Rf4
Ne3 48. Rg1 Nf5 49. Rxf5 Bxf5 50. f7 Rxe7 51. f8=Q Re5 52. Qf6 1-0

[Event "XXXIV Festival A"]
[Site "Arco ITA"]
[Date "2012.10.17"]
[Round "5"]
[White "Oppici, Gabriele"]
[Black "Gardini, Enrico"]
[WhiteElo "1961"]
[BlackElo "1807"]
[Result "1/2-1/2"]
[PlyCount "55"]
[EventDate "2012.10.13"]

1. d4 Nf6 2. Nf3 d5 3. Bf4 g6 4. e3 Bg7 5. h3 O-O 6. Be2 Nbd7 7. Nbd2 c5 8. c3
c4 9. Qc2 b5 10. e4 dxe4 11. Nxe4 Bb7 12. Ned2 Re8 13. O-O Nd5 14. Bg3 Rc8 15.
a4 a6 16. axb5 axb5 17. Ra7 Qb6 18. Rfa1 Ra8 19. Rxa8 Rxa8 20. Rxa8+ Bxa8 21.
b3 Qa5 22. Nb1 N5b6 23. Nfd2 Bd5 24. Qb2 Qa8 25. Bf3 Bxf3 26. Nxf3 Qc6 27. bxc4
Nxc4 28. Qe2 1/2-1/2

[Event "XXXIV Festival A"]
[Site "Arco ITA"]
[Date "2012.10.17"]
[Round "5"]
[White "Pedrotti, Luciano"]
[Black "Tencheni, Maurizio"]
[WhiteElo "1811"]
[BlackElo "1707"]
[Result "1-0"]
[PlyCount "53"]
[EventDate "2012.10.13"]

1. e4 b6 2. d4 Bb7 3. Bd3 e6 4. Ne2 Nf6 5. Ng3 c5 6. c3 cxd4 7. cxd4 Bb4+ 8.
Bd2 Nc6 9. Ne2 Bxd2+ 10. Nxd2 d6 11. O-O O-O 12. f3 Rc8 13. a3 Re8 14. Rc1 Re7
15. b4 Rec7 16. Nb3 Nd7 17. Qd2 Ne7 18. Rxc7 Rxc7 19. Qf4 e5 20. Qg3 f6 21. h4
d5 22. h5 dxe4 23. fxe4 exd4 24. Nbxd4 Nf8 25. Rxf6 Rc1+ 26. Kh2 Qc7 27. Rxf8+
1-0

[Event "XXXIV Festival A"]
[Site "Arco ITA"]
[Date "2012.10.17"]
[Round "5"]
[White "Perich, Stefano"]
[Black "Weinberg, Emanuele"]
[WhiteElo "1871"]
[BlackElo "1795"]
[Result "1/2-1/2"]
[PlyCount "38"]
[EventDate "2012.10.13"]

1. Nf3 Nf6 2. d4 e6 3. g3 c5 4. c3 cxd4 5. cxd4 Bb4+ 6. Bd2 Qe7 7. a3 Bxd2+ 8.
Nfxd2 e5 9. Bg2 Nc6 10. e3 O-O 11. Nc3 b6 12. b4 Bb7 13. O-O Rfc8 14. Qb3 Qd8
15. Rfc1 a6 16. a4 a5 17. b5 Nb4 18. Na2 Nxa2 19. Qxa2 Ra7 1/2-1/2

[Event "XXXIV Festival A"]
[Site "Arco ITA"]
[Date "2012.10.17"]
[Round "5"]
[White "Pieri, Enzo"]
[Black "Bondielli, Giorgio"]
[WhiteElo "1740"]
[BlackElo "1849"]
[Result "0-1"]
[PlyCount "46"]
[EventDate "2012.10.13"]

1. d4 f5 2. c4 Nf6 3. Nc3 g6 4. Nf3 Bg7 5. e3 d6 6. Nd5 O-O 7. Qb3 c6 8. Nxf6+
Bxf6 9. Bd3 Nd7 10. O-O Rb8 11. c5+ d5 12. e4 fxe4 13. Bxe4 e5 14. Nxe5 Nxe5
15. dxe5 Bxe5 16. Bh6 Rf7 17. Bxg6 hxg6 18. f4 Bd4+ 19. Kh1 Bf5 20. Rae1 Qd7
21. h3 Rh7 22. Bg5 Bxh3 23. Re7 Bf5+ 0-1

[Event "XXXIV Festival A"]
[Site "Arco ITA"]
[Date "2012.10.17"]
[Round "5"]
[White "Popa, Claudiu"]
[Black "Schaefer, Michael"]
[WhiteElo "2139"]
[BlackElo "2174"]
[Result "1/2-1/2"]
[PlyCount "142"]
[EventDate "2012.10.13"]

1. e4 c5 2. c3 d5 3. exd5 Qxd5 4. d4 g6 5. Nf3 Bg7 6. Be2 Nf6 7. O-O O-O 8.
dxc5 Qxc5 9. Be3 Qc7 10. Na3 Nc6 11. Nb5 Qb8 12. Nbd4 Nd5 13. Bg5 e5 14. Nxc6
bxc6 15. Qb3 Be6 16. Bc4 Qc7 17. Rfe1 Rab8 18. Qc2 h6 19. Bd2 Bf5 20. Qc1 Nf4
21. Bxf4 exf4 22. Nh4 Qd7 23. Rd1 Qc8 24. Qxf4 Be6 25. Bxe6 Qxe6 26. Qd2 Bf6
27. Nf3 Rfd8 28. Nd4 Bxd4 29. cxd4 Kg7 30. Qc3 Rd5 31. Rac1 Rb6 32. b3 Qf6 33.
Qe3 Rb7 34. Qc3 c5 35. Qa5 Rbd7 36. Rxc5 Rxd4 37. Rxd4 Qxd4 38. h3 Qf4 39. Qc3+
Kh7 40. Qg3 Qd2 41. Qc3 Qxc3 42. Rxc3 Rd1+ 43. Kh2 Rd2 44. Rc7 Rxa2 45. Rxf7+
Kg8 46. Rb7 a5 47. Kg3 Ra3 48. f3 a4 49. bxa4 Rxa4 50. h4 h5 51. Re7 Rb4 52.
Re4 Rb5 53. Kh3 Kg7 54. g4 Rb3 55. Kg3 hxg4 56. Kxg4 Rb5 57. Re6 Ra5 58. Re7+
Kg8 59. f4 Rb5 60. Re5 Rb6 61. Kg5 Ra6 62. Re7 Rb6 63. Rc7 Ra6 64. Kh6 Rf6 65.
Kg5 Ra6 66. h5 gxh5 67. Kxh5 Rb6 68. Kg5 Ra6 69. f5 Kf8 70. Rh7 Rb6 71. f6 Rb1
1/2-1/2

[Event "XXXIV Festival A"]
[Site "Arco ITA"]
[Date "2012.10.17"]
[Round "5"]
[White "Pretto, Aldo"]
[Black "Pipitone, Antonio"]
[WhiteElo "1733"]
[BlackElo "1940"]
[Result "1-0"]
[PlyCount "141"]
[EventDate "2012.10.13"]

1. c4 Nf6 2. g3 g6 3. Bg2 Bg7 4. Nc3 d6 5. d3 O-O 6. e4 e5 7. Nge2 Nc6 8. O-O
Be6 9. h3 Qd7 10. Kh2 Ne8 11. f4 f5 12. exf5 gxf5 13. Qc2 Rb8 14. a3 Ne7 15.
Be3 b6 16. Rad1 c6 17. b4 Nc7 18. a4 d5 19. fxe5 Bxe5 20. d4 Bg7 21. c5 bxc5
22. bxc5 Ng6 23. Nf4 Nxf4 24. Bxf4 Rb4 25. Qf2 Rfb8 26. Rfe1 R8b7 27. Qe3 Kf7
28. Be5 Ne8 29. Bxg7 Nxg7 30. Qh6 Kg8 31. Ne2 Rxa4 32. Nf4 Bf7 33. Re5 Ra2 34.
Rde1 Qd8 35. Qxc6 Rbb2 36. R1e2 Rxe2 37. Rxe2 Rxe2 38. Nxe2 Ne8 39. Nf4 Nc7 40.
h4 a5 41. Bh3 Be8 42. Qh6 Bd7 43. Bg2 Be8 44. Ne6 Nxe6 45. Qxe6+ Bf7 46. Qxf5
a4 47. c6 Kf8 48. Qxh7 a3 49. Qh8+ Bg8 50. Qh6+ Ke8 51. Qe3+ Qe7 52. Qb3 Qd6
53. Bh3 Qxc6 54. Qxa3 Qc2+ 55. Bg2 Be6 56. Qe3 Kd7 57. Qf3 Ke7 58. h5 Qd2 59.
Qf4 Qe2 60. Qh4+ Kf7 61. Qf4+ Kg7 62. Qe5+ Qxe5 63. dxe5 Kh6 64. Bf3 Kg5 65. g4
d4 66. Kg3 d3 67. Kf2 Kf4 68. h6 Bg8 69. e6 Bxe6 70. h7 d2 71. h8=Q 1-0

[Event "XXXIV Festival A"]
[Site "Arco ITA"]
[Date "2012.10.17"]
[Round "5"]
[White "Rizzoli, Aluna"]
[Black "De Simone Sorrentino, Fabio"]
[WhiteElo "1868"]
[BlackElo "1703"]
[Result "1-0"]
[PlyCount "129"]
[EventDate "2012.10.13"]

1. e4 e6 2. d3 d5 3. Nd2 Nf6 4. Ngf3 b6 5. g3 Bb7 6. Qe2 dxe4 7. dxe4 Ba6 8. c4
Nc6 9. e5 Nd7 10. a3 Bb7 11. Rg1 Nc5 12. Qe3 Ne7 13. g4 Ng6 14. b4 Nd7 15. g5
a5 16. Rb1 axb4 17. axb4 Ra4 18. Qc3 h6 19. gxh6 Rxh6 20. Bd3 Nh4 21. Bc2 Ra7
22. Bb2 Nxf3+ 23. Nxf3 Bxf3 24. Qxf3 Bxb4+ 25. Kf1 g6 26. Bc1 Nxe5 27. Qe4 Rxh2
28. Rxb4 Ra1 29. Rb1 Rxb1 30. Bxb1 Qd1+ 31. Qe1 Qxe1+ 32. Kxe1 Nf3+ 33. Kf1
Nxg1 34. Kxg1 Rh4 35. Bd3 Kd7 36. Kg2 Rd4 37. Be2 Re4 38. Kf3 Rh4 39. Kg3 Rh1
40. Bf4 Re1 41. Kf3 f6 42. Bd2 Ra1 43. Bd3 Ra3 44. Ke2 g5 45. Bb4 Ra2+ 46. Ke3
c5 47. Bc3 e5 48. Bf5+ Kd6 49. f3 Rh2 50. Kd3 Rh4 51. Bg4 Kc6 52. Ke4 Rh1 53.
Kf5 Rh6 54. Ke6 b5 55. cxb5+ Kxb5 56. Kf7 Kc4 57. Ba5 Kd4 58. Kg7 Rh4 59. Kxf6
Rxg4 60. fxg4 e4 61. Kxg5 c4 62. Kf4 Kd3 63. g5 e3 64. g6 e2 65. Kf3 1-0

[Event "XXXIV Festival A"]
[Site "Arco ITA"]
[Date "2012.10.17"]
[Round "5"]
[White "Roessner, Uwe"]
[Black "Bernardi, Ruben"]
[WhiteElo "1892"]
[BlackElo "2114"]
[Result "1/2-1/2"]
[PlyCount "117"]
[EventDate "2012.10.13"]

1. Nf3 d5 2. g3 Nf6 3. Bg2 c6 4. O-O Bf5 5. d3 e6 6. b3 Be7 7. Bb2 O-O 8. Nbd2
h6 9. c4 a5 10. a3 Na6 11. Ra2 Bh7 12. Qa1 c5 13. cxd5 exd5 14. d4 a4 15. dxc5
Nxc5 16. bxa4 Rxa4 17. Nd4 Qb6 18. Rc1 Rfa8 19. N2f3 Nfe4 20. Ne5 Bf6 21. Ng4
Bg5 22. Rd1 h5 23. Ne5 Bf6 24. Nef3 Re8 25. Bf1 h4 26. e3 hxg3 27. hxg3 Re7 28.
Bb5 Ra8 29. a4 Qc7 30. Rc1 Rc8 31. Ba3 b6 32. Kg2 Nd6 33. Rh1 Be4 34. Qg1 Bg5
35. Qh2 Bh6 36. g4 Ne8 37. Qh3 f6 38. Nf5 Bxf5 39. gxf5 Nd6 40. Nd4 Nf7 41. f4
Nd6 42. Rg1 Kh7 43. Kh1 Rh8 44. Rh2 Kg8 45. Bc6 Nf7 46. Bxd5 Qd7 47. Qf3 Qxa4
48. Ra1 Qd7 49. Bb4 Kh7 50. Bc6 Qd6 51. Qh5 Nd8 52. Qg6+ Kg8 53. Ra8 Rxe3 54.
Bc3 Rxc3 55. Qe8+ Kh7 56. Qg6+ Kg8 57. Qe8+ Kh7 58. Qg6+ Kg8 59. Qe8+ 1/2-1/2

[Event "XXXIV Festival A"]
[Site "Arco ITA"]
[Date "2012.10.17"]
[Round "5"]
[White "Roth, Peter"]
[Black "Morselli, Stefano"]
[WhiteElo "2226"]
[BlackElo "1905"]
[Result "1-0"]
[PlyCount "38"]
[EventDate "2012.10.13"]

1. e4 g6 2. d4 Bg7 3. Nc3 d6 4. Be3 Nf6 5. f3 c6 6. Qd2 b5 7. Bd3 Nbd7 8. Bh6
O-O 9. h4 Qa5 10. h5 b4 11. Nce2 Rb8 12. hxg6 fxg6 13. e5 dxe5 14. Bc4+ Kh8 15.
Bxg7+ Kxg7 16. Qh6+ Kh8 17. Nh3 b3+ 18. c3 exd4 19. Ng5 dxc3 1-0

[Event "XXXIV Festival A"]
[Site "Arco ITA"]
[Date "2012.10.17"]
[Round "5"]
[White "Roversi, Stefano"]
[Black "Leone, Cataldo"]
[WhiteElo "1767"]
[BlackElo "1590"]
[Result "1-0"]
[PlyCount "129"]
[EventDate "2012.10.13"]

1. e4 c6 2. d4 d5 3. Nc3 e6 4. Bd3 Nd7 5. Nf3 dxe4 6. Nxe4 Ngf6 7. Bg5 Be7 8.
Ng3 Qc7 9. Qd2 h6 10. Bf4 Bd6 11. Bxd6 Qxd6 12. O-O O-O 13. Rfe1 Nd5 14. c4 Nf4
15. Bc2 Ng6 16. Nh5 b6 17. Qd3 Nf6 18. Nxf6+ gxf6 19. Nh4 f5 20. Nxg6 fxg6 21.
Re5 Bd7 22. Rae1 Rf6 23. Qe3 Kg7 24. d5 cxd5 25. cxd5 exd5 26. Re7+ Rf7 27.
Qd4+ Kg8 28. R7e5 Qc5 29. Qxc5 bxc5 30. Rxd5 Rc8 31. Rd6 Kg7 32. Red1 Rc7 33.
b3 Re7 34. Bd3 Re6 35. Rd5 Be8 36. Rd8 Rce7 37. Kf1 Bf7 38. Bc4 Rc6 39. Bxf7
Kxf7 40. Rh8 h5 41. Rdd8 Ke6 42. Rhg8 Ke5 43. Rd3 Kf6 44. Rg3 Kf7 45. Rb8 Kg7
46. Rd8 Kf6 47. Rc3 Rce6 48. g3 Rc6 49. Rc4 Ra6 50. Rd2 Ra5 51. Rd6+ Kf7 52. a4
Re6 53. Rd5 Ke7 54. Rcxc5 Rxc5 55. Rxc5 a6 56. Rc7+ Kd6 57. Ra7 Kc5 58. Kg2 Rb6
59. Kh3 Kb4 60. Kh4 Kxb3 61. a5 Rc6 62. Rb7+ Ka4 63. Rb6 Rc4+ 64. Kg5 Kxa5 65.
Rxg6 {...} 1-0

[Event "XXXIV Festival A"]
[Site "Arco ITA"]
[Date "2012.10.17"]
[Round "5"]
[White "Russo, Carmelo"]
[Black "Salati, Paolo"]
[WhiteElo "1751"]
[BlackElo "1887"]
[Result "0-1"]
[PlyCount "74"]
[EventDate "2012.10.13"]

1. d4 d5 2. c4 c6 3. Nc3 e6 4. e4 dxe4 5. Nxe4 Nf6 6. Nxf6+ Qxf6 7. Nf3 Bb4+ 8.
Bd2 Bxd2+ 9. Qxd2 O-O 10. Be2 Rd8 11. Qc2 Nd7 12. Rd1 Qe7 13. O-O Nf6 14. Bd3
h6 15. Ne5 Nd7 16. f4 Nf8 17. Rf3 f6 18. Ng6 Nxg6 19. Bxg6 e5 20. fxe5 Bg4 21.
exf6 gxf6 22. Qc3 Bxf3 23. Qxf3 Rd6 24. Kf1 Rad8 25. Re1 Qg7 26. Qf5 Qd7 27.
Qh5 Rxd4 28. Bf5 Rf4+ 29. Kg1 Qxf5 30. Qxh6 Qc5+ 31. Kh1 Qf5 32. Kg1 Rfd4 33.
Qe3 Rd1 34. Qg3+ Kf7 35. Qc7+ R8d7 36. Qg3 Qc2 37. h3 Rxe1+ 0-1

[Event "XXXIV Festival A"]
[Site "Arco ITA"]
[Date "2012.10.17"]
[Round "5"]
[White "Rygg, Snorre"]
[Black "Prelati, Maurizio"]
[WhiteElo "1788"]
[BlackElo "1976"]
[Result "1-0"]
[PlyCount "33"]
[EventDate "2012.10.13"]

1. c4 c5 2. g3 g6 3. Bg2 Bg7 4. Nc3 Nc6 5. Nf3 e5 6. O-O Nge7 7. Rb1 O-O 8. d3
d6 9. a3 f5 10. Bd2 a5 11. Nb5 d5 12. cxd5 Nxd5 13. Qb3 e4 14. dxe4 fxe4 15.
Ng5 Kh8 16. Bxe4 Nf6 17. Bd3 1-0

[Event "XXXIV Festival A"]
[Site "Arco ITA"]
[Date "2012.10.17"]
[Round "5"]
[White "Schaberg, Wolfgang"]
[Black "Vaccari, Giorgio"]
[WhiteElo "1856"]
[BlackElo "1671"]
[Result "1-0"]
[PlyCount "77"]
[EventDate "2012.10.13"]

1. e4 e5 2. Nc3 Nc6 3. Nf3 Bc5 4. Nxe5 Nxe5 5. d4 Nf3+ 6. gxf3 Bb4 7. Qd3 c6 8.
Rg1 g6 9. a3 Ba5 10. Bf4 d6 11. O-O-O Qe7 12. d5 c5 13. Qb5+ Bd7 14. Qxa5 b6
15. Qa6 h6 16. Qb7 Qd8 17. Bxd6 Ne7 18. Bxe7 Kxe7 19. Bb5 Rb8 20. d6+ Ke6 21.
Qd5+ Kf6 22. f4 Kg7 23. f5 Re8 24. fxg6 fxg6 25. Bc4 Qf6 26. Qd2 Be6 27. Nd5
Bxd5 28. Bxd5 Rbd8 29. f4 Qxd6 30. f5 g5 31. h4 Qf6 32. hxg5 Qd6 33. gxh6+ Kh8
34. Rg6 Qc7 35. Qg5 Rf8 36. f6 Qd7 37. Rg7 Qd6 38. h7 Qxf6 39. Rg8+ 1-0

[Event "XXXIV Festival A"]
[Site "Arco ITA"]
[Date "2012.10.17"]
[Round "5"]
[White "Schiappoli, Dario"]
[Black "Maddaloni, Giovanni"]
[WhiteElo "1933"]
[BlackElo "1762"]
[Result "1/2-1/2"]
[PlyCount "77"]
[EventDate "2012.10.13"]

1. e4 c5 2. Nf3 d6 3. d4 cxd4 4. c3 d3 5. Bxd3 Nc6 6. Bc4 Nf6 7. Be3 e6 8. Qc2
Be7 9. O-O O-O 10. Nbd2 Qc7 11. a3 Bd7 12. h3 Rfd8 13. Nd4 a6 14. Ba2 b5 15. f4
Rac8 16. N2f3 Qb7 17. Bb1 g6 18. f5 d5 19. fxe6 fxe6 20. Ng5 Nxd4 21. Bxd4 Nxe4
22. Nxe4 dxe4 23. Qe2 Bc6 24. Qe3 Rf8 25. Bc2 Bd5 26. Rfe1 Bh4 27. Re2 Bf6 28.
Bxe4 Bxd4 29. Qxd4 Rc4 30. Bxd5 exd5 31. Qe5 Qb6+ 32. Kh2 d4 33. cxd4 Rxd4 34.
Rc1 Qd6 35. Rc7 Qxe5+ 36. Rxe5 Rf7 37. Rc6 Rd2 38. Rxa6 Rxb2 39. Re3 1/2-1/2

[Event "XXXIV Festival A"]
[Site "Arco ITA"]
[Date "2012.10.17"]
[Round "5"]
[White "Sigmund, Ingenuin"]
[Black "Bruno, Elio"]
[WhiteElo "1776"]
[BlackElo "1618"]
[Result "1-0"]
[PlyCount "52"]
[EventDate "2012.10.13"]

1. e4 c5 2. Nc3 d6 3. g3 g6 4. Bg2 Bg7 5. d3 Nf6 6. Nce2 O-O 7. c3 Nbd7 8. f4
Qb6 9. Qc2 e5 10. Nf3 exf4 11. gxf4 Nh5 12. Ng3 Nhf6 13. h3 Re8 14. O-O c4+ 15.
d4 d5 16. e5 Nh5 17. Nxh5 gxh5 18. f5 Nxe5 19. Nxe5 Rxe5 20. Kh1 Re8 21. Bxd5
Qd6 22. Qg2 Kh8 23. Bd2 Re7 24. Rg1 f6 25. Bh6 Qc7 26. Rae1 Rd7 1-0

[Event "XXXIV Festival A"]
[Site "Arco ITA"]
[Date "2012.10.17"]
[Round "5"]
[White "Simeone, Giulio"]
[Black "Titz, Heimo"]
[WhiteElo "1928"]
[BlackElo "2168"]
[Result "0-1"]
[PlyCount "116"]
[EventDate "2012.10.13"]

1. c4 b6 2. d4 e6 3. Nf3 Nf6 4. Nc3 Bb4 5. Qc2 Bb7 6. Bg5 h6 7. Bh4 g5 8. Bg3
Ne4 9. e3 f5 10. Be2 O-O 11. O-O Bxc3 12. bxc3 d6 13. c5 Nd7 14. cxd6 cxd6 15.
Qb3 Qe7 16. Qa3 Rf7 17. Rfb1 Ndf6 18. c4 Nxg3 19. hxg3 Ne4 20. Rb2 Qf6 21. Rab1
Rc7 22. Nd2 Qe7 23. Bd3 Nxd2 24. Rxd2 Rac8 25. d5 Rf8 26. Qxa7 Bxd5 27. Qxb6
Rc6 28. Qd4 Be4 29. Bxe4 fxe4 30. Qxe4 Rc5 31. Qg6+ Kh8 32. Qxh6+ Kg8 33. Qg6+
Kh8 34. Rdb2 Qf6 35. Qxf6+ Rxf6 36. Rb5 Rxc4 37. Rxg5 Rc2 38. Rb4 Rh6 39. Rh4
Kh7 40. Rxh6+ Kxh6 41. Ra5 Rc1+ 42. Kh2 Kg6 43. g4 Kf6 44. a4 d5 45. Kg3 Rc3
46. Kh2 Ke5 47. Ra8 Ke4 48. a5 e5 49. a6 Rc7 50. Rb8 Ra7 51. Rb4+ d4 52. Ra4
Kd3 53. exd4 exd4 54. Kg3 Kc3 55. Kf4 d3 56. Ke4 Re7+ 57. Kd5 d2 58. a7 d1=Q+
0-1

[Event "XXXIV Festival A"]
[Site "Arco ITA"]
[Date "2012.10.17"]
[Round "5"]
[White "Stap, Kees"]
[Black "Di Lazzaro, Gabriele"]
[WhiteElo "2098"]
[BlackElo "1888"]
[Result "1-0"]
[PlyCount "69"]
[EventDate "2012.10.13"]

1. g3 e5 2. c4 Nc6 3. Nc3 Bb4 4. Nd5 a5 5. Bg2 d6 6. e3 Nf6 7. Ne2 Nxd5 8. cxd5
Ne7 9. O-O O-O 10. d4 exd4 11. Nxd4 Bc5 12. b3 Ng6 13. Bb2 Ne5 14. h3 Bd7 15.
f4 Ng6 16. Qd2 Re8 17. e4 c6 18. Kh2 cxd5 19. exd5 Qb6 20. f5 Bb4 21. Qd1 Ne5
22. f6 g6 23. a3 Bc5 24. Qd2 Kh8 25. Rae1 Bxd4 26. Bxd4 Qxb3 27. Qh6 Rg8 28.
Bxe5 dxe5 29. Rxe5 Rae8 30. Rxe8 Bxe8 31. Re1 Qb5 32. h4 Qd7 33. Re7 Qb5 34. d6
Qa4 35. d7 1-0

[Event "XXXIV Festival A"]
[Site "Arco ITA"]
[Date "2012.10.17"]
[Round "5"]
[White "Thonig, Manfred"]
[Black "Zanin, Luca"]
[WhiteElo "1638"]
[BlackElo "1615"]
[Result "0-1"]
[PlyCount "108"]
[EventDate "2012.10.13"]

1. f4 d5 2. Nf3 Nf6 3. e3 g6 4. d4 Bg7 5. Bd3 O-O 6. O-O c5 7. dxc5 Qc7 8. c3
Qxc5 9. b4 Qc7 10. Bb2 b6 11. Qe1 Bb7 12. Nbd2 Ne4 13. Bxe4 dxe4 14. Nd4 e5 15.
Nb5 Qd7 16. c4 a6 17. Na3 exf4 18. Bxg7 Kxg7 19. Rd1 Qd3 20. Rxf4 Qxa3 21. Nxe4
Bxe4 22. Rxe4 Nc6 23. b5 axb5 24. cxb5 Na7 25. Qg3 Rae8 26. Re5 Qxa2 27. Qf4
Qe2 28. Rf1 Rxe5 29. Qxe5+ Kg8 30. Qg5 Nxb5 31. Qh6 Nd6 32. h3 Nc4 33. Rf3 b5
34. h4 Qb2 35. h5 Qg7 36. Qf4 g5 37. Qe4 Qe5 38. Qd3 Nd6 39. h6 b4 40. Kf2 Rb8
41. Qa6 Rf8 42. Qb6 Qe6 43. Qxb4 Qxh6 44. Rh3 Qg6 45. g4 Rc8 46. Qa4 Qe4 47.
Qd7 Qe6 48. Qa4 Ne4+ 49. Ke1 Kg7 50. Qd4+ f6 51. Rf3 Qxg4 52. Qa7+ Kg6 53. Rf1
Qg3+ 54. Ke2 Qg2+ 0-1

[Event "XXXIV Festival A"]
[Site "Arco ITA"]
[Date "2012.10.17"]
[Round "5"]
[White "Zucchelli, Massimo"]
[Black "De Santis, Alessio"]
[WhiteElo "2176"]
[BlackElo "2294"]
[Result "1/2-1/2"]
[PlyCount "26"]
[EventDate "2012.10.13"]

1. d4 Nf6 2. c4 g6 3. Nc3 Bg7 4. e4 d6 5. Be2 O-O 6. Bg5 h6 7. Be3 e5 8. d5 a5
9. g4 Nfd7 10. h4 Na6 11. Qd2 Kh7 12. h5 g5 13. f3 Re8 1/2-1/2

[Event "XXXIV Festival A"]
[Site "Arco ITA"]
[Date "2012.10.18"]
[Round "6"]
[White "Albano, Marco"]
[Black "Facchetti, Gianni"]
[WhiteElo "2226"]
[BlackElo "2087"]
[Result "1-0"]
[PlyCount "87"]
[EventDate "2012.10.13"]

1. d4 Nf6 2. Nf3 d6 3. Bf4 Nh5 4. Bd2 Nf6 5. c4 Nbd7 6. Bc3 Ne4 7. Qc2 Ndf6 8.
e3 g6 9. Bd3 Nxc3 10. Nxc3 Bg7 11. h3 c6 12. O-O Qc7 13. b4 O-O 14. a4 a5 15.
b5 c5 16. dxc5 Qxc5 17. Nd4 e5 18. Nb3 Qc7 19. Rac1 b6 20. Rfd1 Bb7 21. Nd2
Rfd8 22. Nde4 Ne8 23. Nd5 Bxd5 24. cxd5 Qb8 25. Qb3 Ra7 26. Rc6 Bf8 27. Rdc1
Be7 28. g4 f5 29. gxf5 gxf5 30. Ng3 e4 31. Be2 Ng7 32. R1c4 Kf7 33. Qc2 Bf6 34.
f3 Be5 35. Rc7+ Rxc7 36. Rxc7+ Kg8 37. f4 Bf6 38. Qc6 Bh4 39. Rxg7+ Kxg7 40.
Nxf5+ Kf6 41. Nxh4 Qa7 42. Qc3+ Kf7 43. Bh5+ Kg8 44. Nf5 1-0

[Event "XXXIV Festival A"]
[Site "Arco ITA"]
[Date "2012.10.18"]
[Round "6"]
[White "Antoniacci, Riccardo"]
[Black "Espinosa Cancino, Miguel"]
[WhiteElo "1911"]
[BlackElo "1696"]
[Result "1-0"]
[PlyCount "65"]
[EventDate "2012.10.13"]

1. d4 Nf6 2. c4 e6 3. Nf3 d5 4. Nc3 c6 5. e3 Be7 6. Bd3 O-O 7. Ne5 dxc4 8. Bxc4
b5 9. Bd3 a6 10. O-O Bb7 11. Qf3 Qc7 12. Qh3 Nbd7 13. f4 g6 14. Rf3 Kg7 15. e4
Rg8 16. Be3 c5 17. Rc1 cxd4 18. Nd5 Qd8 19. Nxe7 Qxe7 20. Bxd4 Qd6 21. Bc3 b4
22. Nxd7 Qxd7 23. Be5 Rac8 24. Rcf1 Qe7 25. Qh4 h5 26. Rg3 Rh8 27. Qg5 Rhd8 28.
Rh3 Rh8 29. Kh1 Rcd8 30. f5 exf5 31. Rxf5 Kh7 32. Bxf6 Qxe4 33. Rxh5+ 1-0